[Event "Automne-A"]
[Site "Gatineau CAN"]
[Date "2016.10.25"]
[Round "1"]
[White "Raymond, Daniel"]
[Black "Gagnon, Fabien"]
[Result "1/2-1/2"]
[WhiteElo "1727"]
[BlackElo "1945"]
[PlyCount "73"]
[EventDate "2016.10.25"]
[EventType "swiss"]
[EventRounds "5"]
[EventCountry "CAN"]

1. e4 c5 2. Nf3 d6 3. d4 cxd4 4. Nxd4 Nf6 5. Nc3 e6 6. Be2 Be7 7. O-O O-O 8.
Be3 Nc6 9. Nb3 a6 10. f4 Qc7 11. a4 b6 12. Bf3 Bb7 13. Qe2 Rac8 14. Rad1 Rfd8
15. Kh1 Nb4 16. g4 d5 17. e5 Ne4 18. Bd4 Bc5 19. Nxe4 dxe4 20. Bxe4 Bxd4 21.
Nxd4 Bxe4+ 22. Qxe4 Qc4 23. c3 Nd5 24. Ra1 b5 25. axb5 axb5 26. Qf3 b4 27. Ne2
bxc3 28. Nxc3 Nxc3 29. Qxc3 Qxc3 30. bxc3 Rxc3 31. Rfd1 Rb8 32. Rd7 Rc2 33.
Rad1 Kf8 34. Rd8+ Rxd8 35. Rxd8+ Ke7 36. Rb8 Rc4 37. Rb7+ 1/2-1/2

[Event "Automne-A"]
[Site "Gatineau CAN"]
[Date "2016.11.01"]
[Round "2"]
[White "Arsenault, Michel"]
[Black "Raymond, Daniel"]
[Result "1/2-1/2"]
[WhiteElo "1881"]
[BlackElo "1727"]
[PlyCount "92"]
[EventDate "2016.10.25"]
[EventType "swiss"]
[EventRounds "5"]
[EventCountry "CAN"]

1. c4 e6 2. Nf3 d5 3. g3 c5 4. Bg2 Nc6 5. O-O Nf6 6. e3 dxc4 7. Qa4 Bd6 8. Qxc4
e5 9. a4 O-O 10. d3 Be6 11. Qc2 Na5 12. Nbd2 Rc8 13. Nc4 Nxc4 14. dxc4 Qe7 15.
h3 Nd7 16. Nd2 b6 17. Ne4 Bb8 18. b3 f5 19. Nc3 Nf6 20. e4 f4 21. gxf4 exf4 22.
Nd5 Nxd5 23. cxd5 f3 24. Bxf3 Qd6 25. Re1 Qh2+ 26. Kf1 Bxh3+ 27. Ke2 Rxf3 28.
Kxf3 Rf8+ 29. Ke3 Bg4 30. Kd3 Rxf2 31. Qc4 Re2 32. d6+ Kh8 33. Be3 Bxd6 34. Qd5
Rb2 35. Rac1 Be2+ 36. Rxe2 Qxe2+ 37. Kc3 Qh2 38. Bf4 Rxb3+ 39. Kxb3 Qxf4 40.
Rd1 Bf8 41. Qf5 Qe3+ 42. Kc2 Qe2+ 43. Rd2 Qc4+ 44. Kd1 Qb3+ 45. Ke2 Qc4+ 46.
Kf2 Kg8 1/2-1/2

[Event "Automne-A"]
[Site "Gatineau CAN"]
[Date "2016.11.01"]
[Round "2"]
[White "Jobin, Gilles G"]
[Black "Desjardins, Michel"]
[Result "1/2-1/2"]
[WhiteElo "1792"]
[BlackElo "1959"]
[PlyCount "40"]
[EventDate "2016.10.25"]
[EventType "swiss"]
[EventRounds "5"]
[EventCountry "CAN"]

1. e4 d5 2. exd5 Qxd5 3. Nc3 Qd6 4. d4 Nf6 5. Nf3 c6 6. g3 Bg4 7. Bg2 e6 8. h3
Bxf3 9. Bxf3 Nbd7 10. O-O Nb6 11. Ne4 Qd8 12. c3 Be7 13. Qc2 O-O 14. Nxf6+ Bxf6
15. Be3 Bg5 16. Bxg5 Qxg5 17. Rfe1 Rfe8 18. Re5 Qf6 19. Qe2 Rad8 20. Re1 g6
1/2-1/2

[Event "Automne-A"]
[Site "Gatineau CAN"]
[Date "2016.11.01"]
[Round "2"]
[White "Masse-Garneau, Anthony"]
[Black "Bastien, Andre"]
[Result "0-1"]
[WhiteElo "1355"]
[BlackElo "1864"]
[PlyCount "64"]
[EventDate "2016.10.25"]
[EventType "swiss"]
[EventRounds "5"]
[EventCountry "CAN"]

1. d4 c5 2. d5 d6 3. c4 Nf6 4. Nc3 g6 5. e4 Bg7 6. Bd3 Nbd7 7. f4 O-O 8. Nge2
a6 9. Bd2 Qc7 10. Qc2 b5 11. Ng3 Rb8 12. b3 b4 13. Nce2 Nxe4 14. Rd1 Nxd2 15.
Rxd2 Nf6 16. h3 e6 17. O-O exd5 18. f5 g5 19. cxd5 Bb7 20. Bc4 Rbe8 21. Re1 Re5
22. Qd1 Rfe8 23. Kf1 h5 24. Bd3 Nxd5 25. Qc1 Nf4 26. Qc2 Nxg2 27. Kf2 Nxe1 28.
Kxe1 Re3 29. Kf2 h4 30. Nh5 d5 31. f6 Qh2+ 32. Ke1 Qg1# 0-1

[Event "Automne-A"]
[Site "Gatineau CAN"]
[Date "2016.11.01"]
[Round "2"]
[White "Piche, Guy"]
[Black "Danilov, Alex"]
[Result "1-0"]
[WhiteElo "1607"]
[BlackElo "1784"]
[PlyCount "51"]
[EventDate "2016.10.25"]
[EventType "swiss"]
[EventRounds "5"]
[EventCountry "CAN"]

1. e4 c5 2. Nf3 e6 3. d4 cxd4 4. Nxd4 Nc6 5. Be3 Qc7 6. c3 Nf6 7. Bd3 a6 8. Nd2
b6 9. Rc1 Bb7 10. b4 Ne5 11. Bb1 h6 12. h3 d5 13. exd5 Nxd5 14. O-O Be7 15. Qb3
O-O 16. a3 Nxe3 17. fxe3 Qd6 18. Qc2 g6 19. Ne4 Qd5 20. Nf6+ Bxf6 21. Rxf6 Kg7
22. Rcf1 Rac8 23. Nxe6+ fxe6 24. Rxg6+ Kh7 25. Rg7+ Kxg7 26. Qh7# 1-0

[Event "Automne-A"]
[Site "Gatineau CAN"]
[Date "2016.11.01"]
[Round "2"]
[White "Scantland, Patrick"]
[Black "Bilodeau, Victor"]
[Result "0-1"]
[WhiteElo "1749"]
[BlackElo "1600"]
[PlyCount "66"]
[EventDate "2016.10.25"]
[EventType "swiss"]
[EventRounds "5"]
[EventCountry "CAN"]

1. d4 d5 2. c4 c6 3. Nf3 Nf6 4. Nc3 e6 5. cxd5 exd5 6. Qc2 h6 7. Bf4 Bd6 8. Ne5
O-O 9. e3 Qc7 10. Rc1 a6 11. Be2 Re8 12. O-O Nbd7 13. Nd3 Nb6 14. Bf3 Bf5 15.
Qd1 Bxd3 16. Bxd6 Qxd6 17. Qxd3 Re7 18. Ne2 Rae8 19. Ng3 g6 20. h4 h5 21. b3
Nc8 22. Rc3 Ng4 23. Bxg4 hxg4 24. Ne2 Qf6 25. g3 Nd6 26. Nf4 Kg7 27. Qe2 Qf5
28. f3 gxf3 29. Rxf3 Ne4 30. Rc1 Qg4 31. Kg2 Rh8 32. Nh3 Rxh4 33. Rh1 Nxg3 0-1

[Event "Automne-A"]
[Site "Gatineau CAN"]
[Date "2016.11.08"]
[Round "3"]
[White "Bastien, Andre"]
[Black "Jobin, Gilles G"]
[Result "0-1"]
[WhiteElo "1864"]
[BlackElo "1792"]
[PlyCount "76"]
[EventDate "2016.10.25"]
[EventType "swiss"]
[EventRounds "5"]
[EventCountry "CAN"]

1. d4 d6 2. c4 e5 3. d5 f5 4. Nc3 Nf6 5. g3 Be7 6. Bg2 O-O 7. Nf3 Bd7 8. O-O
Na6 9. b4 Qc8 10. Qb3 Kh8 11. a3 Qe8 12. c5 c6 13. cxd6 Bxd6 14. Rd1 cxd5 15.
Rxd5 Be6 16. Ng5 Nc7 17. Nxe6 Qxe6 18. Bg5 Nfxd5 19. Nb5 Nxb5 20. Bxd5 Qg6 21.
Bd2 Nd4 22. Qd3 Qg4 23. f3 Qg6 24. Bxb7 Rad8 25. e3 Nxf3+ 26. Bxf3 e4 27. Qe2
exf3 28. Qxf3 Qf6 29. Ra2 Be5 30. Rc2 Rc8 31. Rxc8 Rxc8 32. Qb7 Rd8 33. Be1 Qb6
34. Qe7 Qxe3+ 35. Bf2 Qc1+ 36. Kg2 Qc7 37. Qe6 Qd6 38. Qxf5 Qc6+ 0-1

[Event "Automne-A"]
[Site "Gatineau CAN"]
[Date "2016.11.08"]
[Round "3"]
[White "Danilov, Alex"]
[Black "Bilodeau, Victor"]
[Result "1/2-1/2"]
[WhiteElo "1784"]
[BlackElo "1600"]
[PlyCount "60"]
[EventDate "2016.10.25"]
[EventType "swiss"]
[EventRounds "5"]
[EventCountry "CAN"]

1. Nf3 Nf6 2. c4 c5 3. g3 d6 4. Bg2 Nc6 5. b3 g6 6. Bb2 Bg7 7. O-O O-O 8. Nc3
Re8 9. Qc2 Nd4 10. Nxd4 cxd4 11. Nb5 e5 12. Ba3 Bf8 13. c5 dxc5 14. Bxc5 a6 15.
Bxf8 Rxf8 16. Na3 Bf5 17. d3 Rc8 18. Qd2 Qe7 19. Nc4 b5 20. Na5 Rc7 21. Rac1
Rfc8 22. b4 Qd7 23. Nb3 Nd5 24. Nc5 Qd6 25. Bxd5 Qxd5 26. f3 h5 27. Rc2 Rc6 28.
Rfc1 Kg7 29. Nb3 Be6 30. Nc5 Bf5 1/2-1/2

[Event "Automne-A"]
[Site "Gatineau CAN"]
[Date "2016.11.08"]
[Round "3"]
[White "Desjardins, Michel"]
[Black "Piche, Guy"]
[Result "1-0"]
[WhiteElo "1959"]
[BlackElo "1607"]
[PlyCount "65"]
[EventDate "2016.10.25"]
[EventType "swiss"]
[EventRounds "5"]
[EventCountry "CAN"]

1. e4 d6 2. d4 Nf6 3. Nc3 Nbd7 4. Nf3 e5 5. Bc4 Be7 6. O-O c6 7. a4 O-O 8. a5
h6 9. Qe2 Re8 10. Rd1 Qc7 11. h3 Nf8 12. Nh4 exd4 13. Rxd4 Ne6 14. Rd1 Nf8 15.
Qf3 Be6 16. Bxe6 Nxe6 17. Nf5 Bf8 18. Nxh6+ gxh6 19. Qxf6 Bg7 20. Qh4 Kh7 21.
Rd3 Nf8 22. Qf4 Re6 23. Qf5+ Ng6 24. f4 Kg8 25. Bd2 Rae8 26. Qh5 R6e7 27. Rf1
Kh7 28. f5 Ne5 29. f6 Nxd3 30. fxg7 Kxg7 31. Bxh6+ Kh7 32. Bg5+ Kg8 33. Bf6 1-0

[Event "Automne-A"]
[Site "Gatineau CAN"]
[Date "2016.11.08"]
[Round "3"]
[White "Masse-Garneau, Anthony"]
[Black "Scantland, Patrick"]
[Result "0-1"]
[WhiteElo "1355"]
[BlackElo "1749"]
[PlyCount "88"]
[EventDate "2016.10.25"]
[EventType "swiss"]
[EventRounds "5"]
[EventCountry "CAN"]

1. d4 Nf6 2. c4 e6 3. Nf3 d5 4. Nc3 Be7 5. Qc2 O-O 6. Bg5 h6 7. Bxf6 Bxf6 8. e3
b6 9. c5 Qe7 10. b4 Re8 11. Rb1 Bb7 12. Be2 Nd7 13. O-O e5 14. Nb5 Nb8 15. cxb6
axb6 16. Qxc7 Rxa2 17. dxe5 Bxe5 18. Nxe5 Qxc7 19. Nxc7 Rxe5 20. Bf3 Nd7 21.
Rfd1 Nf6 22. Rd4 Rc2 23. Nb5 Ba6 24. Nd6 Bc4 25. Nxc4 dxc4 26. Bd1 Rc3 27. Rb2
b5 28. Rc2 Rxc2 29. Bxc2 Rd5 30. Rxd5 Nxd5 31. Be4 c3 32. Kf1 Nxb4 33. Ke2 Kf8
34. Bd3 c2 35. Bxc2 Nxc2 36. Kd2 Nb4 37. Kc3 Nc6 38. f4 f5 39. h3 Kf7 40. g4
Kf6 41. Kd3 g5 42. fxg5+ hxg5 43. gxf5 Kxf5 44. Ke2 Ke4 0-1

[Event "Automne-A"]
[Site "Gatineau CAN"]
[Date "2016.11.15"]
[Round "4"]
[White "Gagnon, Fabien"]
[Black "Danilov, Alex"]
[Result "1-0"]
[WhiteElo "1945"]
[BlackElo "1784"]
[PlyCount "59"]
[EventDate "2016.10.25"]
[EventType "swiss"]
[EventRounds "5"]
[EventCountry "CAN"]

1. e4 c5 2. Nf3 e6 3. d4 cxd4 4. Nxd4 Nc6 5. Be3 Qc7 6. Be2 Nf6 7. Nd2 Be7 8.
c4 O-O 9. O-O Nxd4 10. Bxd4 d6 11. f4 e5 12. Be3 exf4 13. Rxf4 Ne8 14. Rf2 Bf6
15. Qb3 Be6 16. Bf3 Be5 17. Rc1 Nf6 18. Nf1 Nd7 19. Qd1 b6 20. b3 Rad8 21. Nd2
g6 22. Nb1 f5 23. exf5 Bxf5 24. Bd5+ Kh8 25. Nc3 Nf6 26. Nb5 Qe7 27. Bg5 a6 28.
Nd4 Bxd4 29. Qxd4 Qe5 30. Bxf6+ 1-0

[Event "Automne-A"]
[Site "Gatineau CAN"]
[Date "2016.11.15"]
[Round "4"]
[White "Jobin, Gilles G"]
[Black "Piche, Guy"]
[Result "1-0"]
[WhiteElo "1792"]
[BlackElo "1607"]
[PlyCount "135"]
[EventDate "2016.10.25"]
[EventType "swiss"]
[EventRounds "5"]
[EventCountry "CAN"]

1. e4 d6 2. d4 Nf6 3. Nc3 Nbd7 4. f4 e5 5. Nf3 exd4 6. Qxd4 c5 7. Qa4 Be7 8. e5
Ng4 9. Bc4 O-O 10. e6 fxe6 11. Bxe6+ Kh8 12. f5 Nge5 13. O-O Nb6 14. Qe4 Bxe6
15. fxe6 Nxf3+ 16. Rxf3 Rxf3 17. gxf3 d5 18. Qg4 Qf8 19. Bf4 Qf6 20. Rd1 Rf8
21. Nxd5 Nxd5 22. Rxd5 Qxf4 23. Qxf4 Rxf4 24. Rd7 Kg8 25. Rxe7 Kf8 26. Rxb7
Rxf3 27. Rxa7 Re3 28. e7+ Ke8 29. Rc7 Re5 30. Kf2 Rd5 31. Kg3 g5 32. Kg4 h6 33.
h3 Rd4+ 34. Kg3 c4 35. a4 c3 36. b3 Rd2 37. Rxc3 Kxe7 38. Kg4 Rd4+ 39. Kh5 Rh4+
40. Kg6 Kd6 41. a5 g4 42. hxg4 Rxg4+ 43. Kxh6 Rb4 44. Rd3+ Kc7 45. Rc3+ Kb7 46.
Rc5 Ka6 47. Kg5 Rb8 48. Kf4 Rb4+ 49. Ke5 Rb8 50. Kd5 Rb7 51. Kc4 Rh7 52. Kc3
Rh3+ 53. Kb4 Rh7 54. Rc6+ Ka7 55. Ka4 Kb7 56. Rb6+ Ka7 57. c4 Rh4 58. Rd6 Rg4
59. Kb5 Rg5+ 60. c5 Rg3 61. Rd7+ Kb8 62. b4 Kc8 63. Rf7 Rb3 64. a6 Kb8 65. c6
Rc3 66. Kb6 Rxc6+ 67. Kxc6 Ka8 68. Kb6 1-0

[Event "Automne-A"]
[Site "Gatineau CAN"]
[Date "2016.11.15"]
[Round "4"]
[White "Raymond, Daniel"]
[Black "Masse-Garneau, Anthony"]
[Result "1-0"]
[WhiteElo "1727"]
[BlackElo "1355"]
[PlyCount "61"]
[EventDate "2016.10.25"]
[EventType "swiss"]
[EventRounds "5"]
[EventCountry "CAN"]

1. e4 e5 2. Nf3 Nc6 3. Bb5 Nf6 4. O-O d6 5. d4 exd4 6. Nxd4 Bd7 7. Nc3 Be7 8.
Bg5 O-O 9. Nxc6 bxc6 10. Bd3 h6 11. Bd2 Bg4 12. f3 Bh5 13. Qe1 Nd7 14. f4 Re8
15. Ne2 Bf6 16. Ng3 Bg6 17. Bc3 Nc5 18. f5 Bh7 19. Rf3 Qe7 20. Nh5 Bxc3 21.
Qxc3 Qe5 22. Rg3 Qxc3 23. bxc3 Nxe4 24. Bxe4 Rxe4 25. Nf6+ Kh8 26. Nxe4 Bxf5
27. Re3 Re8 28. Rae1 Kg8 29. Nf6+ gxf6 30. Rxe8+ Kg7 31. R1e7 1-0

[Event "Automne-A"]
[Site "Gatineau CAN"]
[Date "2016.11.15"]
[Round "4"]
[White "Scantland, Patrick"]
[Black "Bastien, Andre"]
[Result "0-1"]
[WhiteElo "1749"]
[BlackElo "1864"]
[PlyCount "124"]
[EventDate "2016.10.25"]
[EventType "swiss"]
[EventRounds "5"]
[EventCountry "CAN"]

1. d4 c5 2. d5 d6 3. c4 g6 4. e4 Bg7 5. Nc3 Nf6 6. f4 a6 7. Nf3 Bd7 8. Be2 O-O
9. O-O b5 10. cxb5 axb5 11. e5 Ne8 12. Ng5 dxe5 13. Nxb5 c4 14. Nc3 Nd6 15. Be3
Nf5 16. Qd2 Nxe3 17. Qxe3 h6 18. Nge4 Qc7 19. fxe5 Qxe5 20. Qd2 Bf5 21. Bf3 Ra6
22. Rfe1 Qc7 23. Kh1 Kh7 24. Re2 Nd7 25. g4 Bxe4 26. Rxe4 Nf6 27. Re3 Rd8 28.
Qe2 Ng8 29. b3 Bd4 30. Nb5 Qb6 31. Nxd4 Qxd4 32. Rd1 Qa7 33. bxc4 Rxa2 34. Rd2
Rxd2 35. Qxd2 e6 36. h4 Qa1+ 37. Qe1 Qf6 38. Kg2 exd5 39. Bxd5 Qf4 40. Qg3
Qxg3+ 41. Kxg3 Kg7 42. g5 Rd7 43. Rf3 Rc7 44. Kf2 hxg5 45. hxg5 f5 46. Ke3 Ne7
47. Kd4 Kf8 48. Re3 Ra7 49. Ke5 Ra6 50. Rc3 Ra1 51. c5 Re1+ 52. Kd6 Rd1 53. c6
Nxd5 54. Ra3 Nf4+ 55. Ke5 Nd5 56. Ra8+ Kf7 57. Ra7+ Ne7 58. Ra6 Rd5+ 59. Kf4
Rc5 60. c7 Rxc7 61. Rf6+ Kg7 62. Ke5 Rc6 0-1

[Event "Automne-A"]
[Site "Gatineau CAN"]
[Date "2016.11.22"]
[Round "5"]
[White "Desjardins, Michel"]
[Black "Raymond, Daniel"]
[Result "0-1"]
[WhiteElo "1959"]
[BlackElo "1727"]
[PlyCount "76"]
[EventDate "2016.10.25"]
[EventType "swiss"]
[EventRounds "5"]
[EventCountry "CAN"]

1. e4 c5 2. c3 d5 3. exd5 Qxd5 4. d4 Nc6 5. Nf3 Nf6 6. dxc5 Qxd1+ 7. Kxd1 Bg4
8. Be2 e5 9. b4 a6 10. Re1 Rd8+ 11. Kc2 Be7 12. h3 Be6 13. Nbd2 O-O 14. Nc4 e4
15. Nfe5 Nxe5 16. Nxe5 Nd5 17. Nc4 f5 18. Bb2 Nf4 19. Bf1 Nd3 20. Bxd3 Rxd3 21.
Ne5 Rdd8 22. f4 Bf6 23. a3 g5 24. g3 gxf4 25. gxf4 Bxe5 26. fxe5 f4 27. Rg1+
Kf7 28. Raf1 f3 29. Bc1 Bxh3 30. Rf2 Bf5 31. Kb2 Rg8 32. Rxg8 Rxg8 33. Be3 Rg2
34. c4 Rxf2+ 35. Bxf2 h5 36. Kc3 h4 37. Bg1 h3 38. Kd2 f2 0-1

[Event "Automne-A"]
[Site "Gatineau CAN"]
[Date "2016.11.22"]
[Round "5"]
[White "Jobin, Gilles G"]
[Black "Gagnon, Fabien"]
[Result "0-1"]
[WhiteElo "1792"]
[BlackElo "1945"]
[PlyCount "86"]
[EventDate "2016.10.25"]
[EventType "swiss"]
[EventRounds "5"]
[EventCountry "CAN"]

1. e4 c5 2. c3 e6 3. d4 d5 4. exd5 exd5 5. Nf3 Nc6 6. Bd3 Bd6 7. Be3 c4 8. Bc2
Nge7 9. O-O Bf5 10. b4 cxb3 11. axb3 Qd7 12. Bxf5 Qxf5 13. Re1 O-O 14. Ra2 Rac8
15. Rae2 a6 16. Bd2 Ng6 17. b4 Bf4 18. Na3 h6 19. Nc2 Bxd2 20. Rxd2 Na7 21. Ne3
Qe4 22. Qb3 Nf4 23. Qc2 Nb5 24. Nd1 Qxc2 25. Rxc2 Nd3 26. Re7 Nxb4 27. Rce2
Nxc3 28. Nxc3 Rxc3 29. Rxb7 Nd3 30. h3 Nf4 31. Ree7 Nxh3+ 32. Kh2 Nxf2 33. Ne5
h5 34. Kg1 Ng4 35. Nxg4 hxg4 36. Rbd7 g3 37. Kf1 Rc2 38. Rxd5 Rb8 39. Rf5 Rb1+
40. Re1 Rf2+ 41. Rxf2 Rxe1+ 42. Kxe1 gxf2+ 43. Kxf2 Kf8 0-1

[Event "Automne-A"]
[Site "Gatineau CAN"]
[Date "2016.11.22"]
[Round "5"]
[White "Piche, Guy"]
[Black "Scantland, Patrick"]
[Result "0-1"]
[WhiteElo "1607"]
[BlackElo "1749"]
[PlyCount "104"]
[EventDate "2016.10.25"]
[EventType "swiss"]
[EventRounds "5"]
[EventCountry "CAN"]

1. e4 c5 2. Nf3 d6 3. d4 cxd4 4. Nxd4 Nf6 5. Nc3 a6 6. a4 e6 7. Bg5 Be7 8. Bd3
Nc6 9. Nxc6 bxc6 10. O-O Bd7 11. Qe2 O-O 12. e5 dxe5 13. Qxe5 Ng4 14. Qe4 f5
15. Bxe7 Qb8 16. Qxg4 fxg4 17. Bxf8 Qxf8 18. Ne4 h6 19. Rad1 a5 20. b3 Qe7 21.
Rfe1 Rf8 22. Bc4 Kh8 23. Rd2 h5 24. Red1 Bc8 25. Rd6 h4 26. Be2 Rf4 27. Rd8+
Rf8 28. R8d6 e5 29. Nc5 h3 30. R1d2 e4 31. Rd1 Qe5 32. Nd7 Bxd7 33. Rxd7 Qf4
34. Rf1 Rf6 35. Rd4 hxg2 36. Kxg2 Rh6 37. Rh1 Kh7 38. Rd7 Rf6 39. Rf1 Kh6 40.
Rd4 Kg5 41. Rd7 g6 42. Rd8 Rf7 43. Rd4 Rh7 44. Rh1 Qe5 45. c3 Rh4 46. Rc4 c5
47. b4 cxb4 48. cxb4 axb4 49. Rxb4 Kh6 50. Rb3 Qd5 51. Rg3 e3+ 52. Kf1 Qxh1+
0-1

[Event "Automne-B"]
[Site "Gatineau CAN"]
[Date "2016.10.25"]
[Round "1"]
[White "Berthiaume, Serge"]
[Black "Traversy, Pierre"]
[Result "1-0"]
[WhiteElo "1448"]
[BlackElo "1210"]
[PlyCount "79"]
[EventDate "2016.10.25"]
[EventType "swiss"]
[EventRounds "5"]
[EventCountry "CAN"]

1. d4 d6 2. Nf3 Nf6 3. Nc3 d5 4. Bf4 c6 5. e3 Bg4 6. Be2 Nbd7 7. O-O e6 8. Ne5
Bxe2 9. Qxe2 Rc8 10. e4 Nb6 11. exd5 cxd5 12. Qb5+ Nfd7 13. Na4 Be7 14. Nxb6
axb6 15. c3 Bd6 16. Nxf7 Kxf7 17. Bxd6 Rc6 18. Ba3 Nf6 19. Qe2 Ne4 20. Qf3+ Qf6
21. Qd3 Rhc8 22. Bb4 Kg8 23. Rae1 Re8 24. f3 Nd6 25. Re2 Nf7 26. f4 Nd6 27.
Bxd6 Rxd6 28. Re5 Rf8 29. f5 Qe7 30. Rfe1 Rf6 31. Qb5 Kf7 32. fxe6+ Kg8 33.
Rxd5 Rh6 34. Rxd6 Qxd6 35. Qe8+ Qf8 36. Qxf8+ Kxf8 37. Rf1+ Ke7 38. d5 b5 39.
Rf7+ Kd6 40. Rd7+ 1-0

[Event "Automne-B"]
[Site "Gatineau CAN"]
[Date "2016.10.25"]
[Round "1"]
[White "Bourbonnais, Luc"]
[Black "Sabourin, Yves"]
[Result "1/2-1/2"]
[WhiteElo "1234"]
[BlackElo "1463"]
[PlyCount "161"]
[EventDate "2016.10.25"]
[EventType "swiss"]
[EventRounds "5"]
[EventCountry "CAN"]

1. e4 e6 2. d4 d5 3. Nc3 Nf6 4. e5 Nfd7 5. f4 c5 6. Be3 Nc6 7. Nf3 Qb6 8. Qd2
cxd4 9. Nxd4 a6 10. Nxe6 Bc5 11. Bxc5 Nxc5 12. Nxd5 Qxb2 13. Nec7+ Kf8 14. Rd1
Rb8 15. Nc3 Qb6 16. N7d5 Qd8 17. Be2 Be6 18. O-O Bxd5 19. Qxd5 Qxd5 20. Rxd5
Ne6 21. f5 Ned4 22. Bd3 Rd8 23. Rxd8+ Nxd8 24. Nd5 N4c6 25. e6 fxe6 26. fxe6+
Ke8 27. c3 Nxe6 28. Re1 Kd7 29. Bf5 Ncd8 30. Rd1 Kd6 31. Nf4+ Ke5 32. Nxe6 Nxe6
33. Bg4 Nc5 34. Re1+ Kd6 35. Rd1+ Kc7 36. Rf1 g6 37. Rf7+ Kb6 38. Kf1 Ne4 39.
Bf3 Nd2+ 40. Ke2 Nxf3 41. Kxf3 Kc6 42. g4 b5 43. g5 Kc5 44. Rc7+ Kb6 45. Rf7
Ka5 46. Ke3 h6 47. h4 hxg5 48. hxg5 Rh3+ 49. Kd4 Rh5 50. Rf6 Rxg5 51. c4 Rg4+
52. Kc3 Rxc4+ 53. Kd3 g5 54. Rg6 g4 55. a3 Ra4 56. Kc2 Rxa3 57. Rxg4 b4 58. Kb2
Ka4 59. Re4 Rf3 60. Re2 Rf6 61. Rc2 Kb5 62. Kb3 a5 63. Rc8 a4+ 64. Kb2 Rf2+ 65.
Kb1 a3 66. Ka1 Ka4 67. Kb1 Kb3 68. Rc1 a2+ 69. Ka1 Ka3 70. Rc3+ Ka4 71. Ra3+
Kb5 72. Ra5+ Kc4 73. Rc5+ Kd4 74. Rc4+ Kd3 75. Rd4+ Ke2 76. Re4+ Kd2 77. Rd4+
Kc2 78. Rc4+ Kd1 79. Rc1+ Kd2 80. Rd1+ Kc2 81. Rc1+ 1/2-1/2

[Event "Automne-B"]
[Site "Gatineau CAN"]
[Date "2016.10.25"]
[Round "1"]
[White "Lecorre, Joel"]
[Black "Clermont, Yves"]
[Result "1-0"]
[WhiteElo "1535"]
[BlackElo "1268"]
[PlyCount "75"]
[EventDate "2016.10.25"]
[EventType "swiss"]
[EventRounds "5"]
[EventCountry "CAN"]

1. e4 e6 2. d3 d5 3. Nd2 c5 4. g3 Nc6 5. Bg2 Nge7 6. f4 Ng6 7. Ngf3 Qb6 8. c3
Be7 9. Qe2 O-O 10. O-O a5 11. h4 h5 12. Kh2 Rd8 13. Ng5 Bxg5 14. fxg5 Nce5 15.
Qxh5 Nxd3 16. Qe2 c4 17. Nf3 Qd6 18. h5 Nge5 19. Nxe5 Qxe5 20. Qf3 Rd7 21. Bf4
Nxf4 22. gxf4 Qxe4 23. Qxe4 dxe4 24. Rad1 e3 25. Rxd7 Bxd7 26. Re1 Rb8 27. Rxe3
b5 28. Kg3 b4 29. cxb4 Rxb4 30. Re2 a4 31. Rc2 Kf8 32. Bf1 Bb5 33. Kg4 Ba6 34.
h6 gxh6 35. gxh6 Kg8 36. Kg5 Kh7 37. Kf6 Kxh6 38. Rh2# 1-0

[Event "Automne-B"]
[Site "Gatineau CAN"]
[Date "2016.10.25"]
[Round "1"]
[White "Rioux, Jocelyn"]
[Black "Arcand, Pierre"]
[Result "1-0"]
[WhiteElo "1388"]
[BlackElo "1169"]
[PlyCount "57"]
[EventDate "2016.10.25"]
[EventType "swiss"]
[EventRounds "5"]
[EventCountry "CAN"]

1. e4 e5 2. Nf3 Nc6 3. Bc4 Nf6 4. d3 Be7 5. O-O d5 6. exd5 Nxd5 7. h3 O-O 8.
Bd2 Bf5 9. Nc3 Nxc3 10. Bxc3 e4 11. dxe4 Qxd1 12. Raxd1 Bxe4 13. Ne1 Rad8 14.
Nd3 Rd7 15. Rfe1 Bf5 16. b4 Bxd3 17. Bxd3 g6 18. b5 Nb4 19. Rxe7 Rxe7 20. Bxb4
Rfe8 21. Bxe7 Rxe7 22. f3 Kf8 23. Be4 b6 24. Rd8+ Re8 25. Rxe8+ Kxe8 26. Kf2
Ke7 27. Ke3 Kd6 28. Kd4 c5+ 29. bxc6 1-0

[Event "Automne-B"]
[Site "Gatineau CAN"]
[Date "2016.10.25"]
[Round "1"]
[White "Sigouin, Frederic"]
[Black "Raymond, Robert"]
[Result "1-0"]
[WhiteElo "1148"]
[BlackElo "1326"]
[PlyCount "63"]
[EventDate "2016.10.25"]
[EventType "swiss"]
[EventRounds "5"]
[EventCountry "CAN"]

1. e4 e5 2. Nf3 Nc6 3. Bb5 d6 4. d3 Bd7 5. c3 Nf6 6. b4 a6 7. Bc4 g6 8. Ng5 d5
9. exd5 h6 10. Nxf7 Kxf7 11. dxc6+ Be6 12. cxb7 Rb8 13. Qf3 Bxc4 14. dxc4 e4
15. Qe3 Rxb7 16. c5 c6 17. O-O Rd7 18. Nd2 Rd3 19. Qf4 g5 20. Qf5 Rd5 21. Qh3
Rd3 22. f3 e3 23. Ne4 e2 24. Re1 Rd1 25. Bxg5 Rxe1+ 26. Rxe1 Qd1 27. Kf2 Nxe4+
28. fxe4 Bg7 29. Qf3+ Kg8 30. Rxe2 Kh7 31. Qf5+ Kg8 32. Rd2 1-0

[Event "Automne-B"]
[Site "Gatineau CAN"]
[Date "2016.10.25"]
[Round "1"]
[White "Simard, Paul"]
[Black "Berthiaume, Patrick"]
[Result "0-1"]
[WhiteElo "1192"]
[BlackElo "1416"]
[PlyCount "108"]
[EventDate "2016.10.25"]
[EventType "swiss"]
[EventRounds "5"]
[EventCountry "CAN"]

1. f4 Nc6 2. e3 d5 3. Nf3 Nf6 4. Bb5 Bd7 5. b3 a6 6. Bxc6 Bxc6 7. O-O e6 8. Bb2
Qd7 9. Ne5 Qd6 10. c4 Ke7 11. d3 Ke8 12. Nd2 Nd7 13. Ndf3 f6 14. Nxc6 Qxc6 15.
Rc1 dxc4 16. Rxc4 Qb6 17. d4 Rc8 18. Qe2 Kf7 19. Rfc1 c6 20. Kh1 Be7 21. Rd1
Qa5 22. Bc3 Qc7 23. Ba1 Nb6 24. Rc2 Nd5 25. Nd2 h5 26. Ne4 Rcg8 27. h3 f5 28.
Ng5+ Bxg5 29. fxg5 Qg3 30. g6+ Qxg6 31. Rf1 Ke7 32. Bb2 Kd7 33. Ba3 Nf6 34. Rf3
Ne4 35. Qe1 Qh6 36. Qb4 Kc8 37. d5 exd5 38. Qe7 g5 39. Kg1 Rh7 40. Qe5 Qg6 41.
Rxf5 Re8 42. Rf8 Rxf8 43. Bxf8 Qf7 44. Bb4 Kd7 45. Qd4 h4 46. Be1 Qe6 47. Qd1
Rf7 48. Qg4 Qxg4 49. hxg4 Nf6 50. Rf2 Ke6 51. Rf5 Ne4 52. Rf1 b6 53. a4 c5 54.
a5 b5 0-1

[Event "Automne-B"]
[Site "Gatineau CAN"]
[Date "2016.11.01"]
[Round "2"]
[White "Berthiaume, Patrick"]
[Black "Lecorre, Joel"]
[Result "1-0"]
[WhiteElo "1416"]
[BlackElo "1535"]
[PlyCount "115"]
[EventDate "2016.10.25"]
[EventType "swiss"]
[EventRounds "5"]
[EventCountry "CAN"]

1. e4 e5 2. Nf3 Nc6 3. Bc4 Bc5 4. O-O Nf6 5. Nc3 d6 6. d3 Bg4 7. Be3 Nd4 8.
Bxd4 Bxd4 9. h3 Bxf3 10. Qxf3 Qd7 11. Rab1 a6 12. Ne2 Ba7 13. Ng3 O-O 14. Nf5
Kh8 15. g4 c6 16. g5 Ne8 17. h4 d5 18. exd5 cxd5 19. Bxd5 Rb8 20. Ne3 Nd6 21.
c4 f6 22. Qg3 Rbe8 23. Rbd1 f5 24. Qh3 Qe7 25. b4 f4 26. Nc2 b6 27. a4 Qc7 28.
Rfe1 Re7 29. Re2 Nf5 30. Rde1 g6 31. h5 Kg7 32. d4 Rfe8 33. dxe5 Rxe5 34. h6+
Kf8 35. Rxe5 Rxe5 36. Qc3 Bb8 37. Rxe5 Qxe5 38. Qxe5 Bxe5 39. Bb7 a5 40. bxa5
bxa5 41. c5 Bc7 42. Ne1 Nd4 43. Bd5 Bd8 44. c6 Nxc6 45. Bxc6 Bxg5 46. Nd3 Bxh6
47. Ne5 Bg7 48. Nc4 Bc3 49. Kg2 g5 50. Kh3 Kg7 51. Kg4 h6 52. Kh5 Be1 53. f3
Bc3 54. Nd6 Kh7 55. Be4+ Kg7 56. Nf5+ Kf6 57. Nxh6 Be1 58. Ng4+ 1-0

[Event "Automne-B"]
[Site "Gatineau CAN"]
[Date "2016.11.01"]
[Round "2"]
[White "Raymond, Robert"]
[Black "Bourbonnais, Luc"]
[Result "0-1"]
[WhiteElo "1326"]
[BlackElo "1234"]
[PlyCount "92"]
[EventDate "2016.10.25"]
[EventType "swiss"]
[EventRounds "5"]
[EventCountry "CAN"]

1. e4 e5 2. Nf3 Nc6 3. Bb5 a6 4. Ba4 Nf6 5. c3 b5 6. Bc2 d5 7. exd5 Nxd5 8. O-O
Bd6 9. d4 Bb7 10. Bb3 Nb6 11. Re1 Qe7 12. Bf4 f6 13. Re2 O-O-O 14. Qe1 Nd7 15.
Bd5 g5 16. Bg3 g4 17. Nh4 Qf8 18. Nf5 Ne7 19. Bxb7+ Kxb7 20. Nxd6+ cxd6 21. Nd2
Nf5 22. Ne4 Nxg3 23. Nxg3 f5 24. Qb1 e4 25. Nf1 h5 26. Re3 d5 27. b3 Nb6 28. a4
Ra8 29. a5 Nd7 30. b4 Rc8 31. Qb3 Qd6 32. Re2 f4 33. g3 f3 34. Rc2 Qe6 35. Ne3
Nf6 36. Qa2 h4 37. Nf1 Qf7 38. Nd2 hxg3 39. fxg3 Qh5 40. Nb3 Ka7 41. Nc5 e3 42.
Ne6 f2+ 43. Kf1 Qxh2 44. Nf4 e2+ 45. Nxe2 Qh1+ 46. Kxf2 Ne4+ 0-1